MARC details
| 000 -LEADER |
| fixed length control field |
01294cas a2200397 i 4500 |
| 001 - CONTROL NUMBER |
| control field |
200448143 |
| 003 - CONTROL NUMBER IDENTIFIER |
| control field |
TR-AnTOB |
| 005 - DATE AND TIME OF LATEST TRANSACTION |
| control field |
20240513111713.0 |
| 007 - PHYSICAL DESCRIPTION FIXED FIELD--GENERAL INFORMATION |
| fixed length control field |
ta |
| 008 - FIXED-LENGTH DATA ELEMENTS--GENERAL INFORMATION |
| fixed length control field |
760824d sz mx p i0 a0engm |
| 010 ## - LIBRARY OF CONGRESS CONTROL NUMBER |
| LC control number |
47038600 |
| 035 ## - SYSTEM CONTROL NUMBER |
| System control number |
(OCoLC)2393020 |
|
| System control number |
(OCoLC)2393020 |
| 040 ## - CATALOGING SOURCE |
| Original cataloging agency |
DLC |
| Language of cataloging |
eng |
| Description conventions |
rda |
| Transcribing agency |
YUS |
| Modifying agency |
COO |
| -- |
MUL |
| -- |
OCL |
| -- |
m.c. |
| -- |
OCL |
| -- |
AIP |
| -- |
NSD |
| -- |
UtOrBLW |
| -- |
TR-AnTOB |
| 041 0# - LANGUAGE CODE |
| Language code of text/sound track or separate title |
İngilizce |
| 050 0# - LIBRARY OF CONGRESS CALL NUMBER |
| Classification number |
HD2951 |
| Item number |
.I58 |
| 090 ## - LOCALLY ASSIGNED LC-TYPE CALL NUMBER (OCLC); LOCAL CALL NUMBER (RLIN) |
| Classification number (OCLC) (R) ; Classification number, CALL (RLIN) (NR) |
TOBBK HD2951 |
| Local cutter number (OCLC) ; Book number/undivided call number, CALL (RLIN) |
.I58 |
| 110 2# - MAIN ENTRY--CORPORATE NAME |
| Corporate name or jurisdiction name as entry element |
International Labour Office |
| 9 (RLIN) |
27101 |
| 210 0# - ABBREVIATED TITLE |
| Abbreviated title |
Coop. inf. |
| 222 #0 - KEY TITLE |
| Key title |
Cooperative information. |
| 245 10 - TITLE STATEMENT |
| Title |
Cooperative information. |
| 264 #1 - PRODUCTION, PUBLICATION, DISTRIBUTION, MANUFACTURE, AND COPYRIGHT NOTICE |
| Place of production, publication, distribution, manufacture |
Geneva : |
| Name of producer, publisher, distributor, manufacturer |
International Labour Office, |
| Date of production, publication, distribution, manufacture, or copyright notice |
[date of publication not identified] |
| 300 ## - PHYSICAL DESCRIPTION |
| Extent |
numbers ; |
| Dimensions |
36-25 cm. |
| 310 ## - CURRENT PUBLICATION FREQUENCY |
| Current publication frequency |
12 no. a year. |
| 336 ## - CONTENT TYPE |
| Content type term |
text |
| Content type code |
txt |
| Source |
rdacontent. |
| 337 ## - MEDIA TYPE |
| Media type term |
unmediated |
| Media type code |
n |
| Source |
rdamedia. |
| 338 ## - CARRIER TYPE |
| Carrier type term |
volume |
| Carrier type code |
nc |
| Source |
rdacarrier. |
| 362 1# - DATES OF PUBLICATION AND/OR SEQUENTIAL DESIGNATION |
| Dates of publication and/or sequential designation |
Began in 1924; ceased with 53rd year in 1977. |
| 500 ## - GENERAL NOTE |
| General note |
Published also in French and Spanish. SERBIB/SERLOC merged record. |
| 510 2# - CITATION/REFERENCES NOTE |
| Name of source |
Bibliography of agriculture |
| International Standard Serial Number |
0006-1530. |
| 580 ## - LINKING ENTRY COMPLEXITY NOTE |
| Linking entry complexity note |
Published also in French and Spanish. |
| 650 #0 - SUBJECT ADDED ENTRY--TOPICAL TERM |
| Topical term or geographic name entry element |
Cooperation |
| Form subdivision |
Periodicals |
| 9 (RLIN) |
136125 |
| 942 ## - ADDED ENTRY ELEMENTS (KOHA) |
| Source of classification or shelving scheme |
Other/Generic Classification Scheme |
| Koha item type |
Book |